00333pab a2200133 454500008004000000100001700040245005600057260000900113300001300122362001200135650001200147650001100159773002900170180718b2012 xxu||||| |||| 00| 0 eng d aPrasad, P.M. aE flows in the Ganga river: A case study of tourism c2012 ap.19-33. aOct-Dec aTourism aRivers aManagement in Government